000 00790nam a2200241 i 4500
001 103541
003 ES-MaACL
005 20250803063054.0
007 t|
008 030204s1948 pr ||||1| spa d
080 _a323.12(=96:729.5)
100 1 _aBlanco, Tomás,
_d1896-1975
_eaut
_929209
245 1 3 _aEl prejuicio racial en Puerto Rico /
_cTomás Blanco
250 _a2ª ed.
260 _aSan Juan de Puerto Rico :
_bBiblioteca de Autores Puertorriqueños,
_c[1948]
300 _aVII, 82 páginas ;
_c18 cm
650 4 _aDiscriminación racial-
_zPuerto Rico
_911935
650 4 _aPersonas negras-
_zPuerto Rico
_915516
852 _aES-MaACL
_bR.137379
_cDEPO2
_jC-56820
942 _2udc
_cMONOGRAFIA
_n0
999 _c103541
_d103541